|
|
|
|
| LEADER |
00000nam0a2200000 4500 |
| 001 |
181126 |
| 005 |
20231031170957.0 |
| 035 |
|
|
|a (RuTPU)RU\TPU\book\196342
|
| 090 |
|
|
|a 181126
|
| 100 |
|
|
|a 20100602d1965 m y0rusy50 ca
|
| 101 |
0 |
|
|a rus
|
| 102 |
|
|
|a RU
|
| 105 |
|
|
|a a z 000zy
|
| 200 |
1 |
|
|a Летний сад. Летний дворец. Домик Петра I
|f О. Н. Кузнецова, А. К. Сементовская, Ш. И. Штейман
|
| 210 |
|
|
|a Ленинград
|c Лениздат
|d 1965
|
| 215 |
|
|
|a 96 с.
|c ил.
|
| 610 |
1 |
|
|a архитектурные памятники
|
| 610 |
1 |
|
|a исторические памятники
|
| 610 |
1 |
|
|a Летний сад
|
| 610 |
1 |
|
|a Летний дворец
|
| 610 |
1 |
|
|a домик Петра I
|
| 610 |
1 |
|
|a Петербург
|
| 610 |
1 |
|
|a скульптуры
|
| 610 |
1 |
|
|a 18 век
|
| 675 |
|
|
|a 711
|v 3
|
| 700 |
|
1 |
|a Кузнецова
|b О. Н.
|
| 701 |
|
1 |
|a Сементовская
|b А. К.
|
| 701 |
|
1 |
|a Штейман
|b Ш. И.
|
| 801 |
|
1 |
|a RU
|b 63413507
|c 20100602
|
| 801 |
|
2 |
|a RU
|b 63413507
|c 20101229
|g RCR
|
| 942 |
|
|
|c BK
|